000 00530nam a2200217Ia 4500
003 OSt
005 20240913100513.0
008 240126s9999 xx 000 0 und d
020 _a9788170129035
040 _c0
041 _aEnglish
082 _a342.5402 TOP;1 R
100 _aTope, T K. Manohar, Sujata V.
245 0 _aConstitutional law of India
250 _a3rd ed.
260 _bEastern Book Co
_aLucknow
300 _alxxx, 1303
440 _aNULL
650 _aConstitutional,law,India
942 _cLL
_2ddc
999 _c281418
_d281418